Borussia Dortmund Squad 2017-2018 - Statistics

General Stats
  • This quiz has been taken 26 times
  • The average score is 18 of 34
Answer Stats
# Position Nation Player % Correct
11 FW Germany Marco Reus
90%
7 FW England Jadon Sancho
86%
17 FW Gabon Pierre-Emerick Aubameyang
86%
38 GK Switzerland Roman Bürki
86%
1 GK Germany Roman Weidenfeller
81%
22 FW United States Christian Pulisic
76%
10 MF Germany Mario Götze
71%
4 DF Serbia Neven Subotić
71%
23 MF Japan Shinji Kagawa
71%
16 DF Switzerland Manuel Akanji
67%
8 MF Turkey Nuri Şahin
67%
13 DF Portugal Raphaël Guerreiro
67%
14 FW Sweden Alexander Isak
62%
9 FW Ukraine Andriy Yarmolenko
62%
5 DF Spain Marc Bartra
62%
25 DF Greece Sokratis Papastathopoulos
62%
2 DF France Dan-Axel Zagadou
57%
19 MF Syria Mahmoud Dahoud
57%
26 DF Poland Łukasz Piszczek
52%
- Coach Netherlands Peter Bosz
52%
27 MF Germany Gonzalo Castro
43%
29 DF Germany Marcel Schmelzer
43%
34 FW Denmark Jacob Bruun Larsen
38%
44 FW Belgium Michy Batshuayi
38%
36 DF Turkey Ömer Toprak
38%
33 MF Germany Julian Weigl
33%
- Coach Austria Peter Stöger
33%
18 MF Germany Sebastian Rode
29%
34 FW Spain Sergio Gómez
29%
21 FW Germany André Schürrle
24%
37 DF Germany Erik Durm
24%
20 FW Germany Maximilian Philipp
19%
35 GK Germany Dominik Reimann
14%
15 DF Germany Jeremy Toljan
14%
No matching quizzes found
Score Distribution
Percent of People with Each Score
Percentile by Number Answered
Your Score History
You have not taken this quiz